01256naa#a2200241#i#4500001001600000005001700016011001400033100004100047102000700088200018700095210012500282215001000407606005700417608004500474675005600519686012700575686007700702686004000779686008000819700002800899700006600927856002100993RU\\bibl\12070520260426232325.7##a0235-2524##a20260416b2026####ek#y0rusy0150####ca##aRU1#aПроцессы энзимологической трансформации азота в мелиорируемых торфяных почвахeЖурнальная статья1#aМоскваcАНО «Редакция журнала «Мелиорация и водное хозяйство»d2026##a4 с.##aСельское хозяйство. 35.06.012local##aЖурнальная статья2local##aЭнзимы почвы (ферменты). 631.465##aЕстественнонаучные и технические основы сельского хозяйства. 402bbk##aСельскохозяйственная мелиорация. 56072tbk##aПочвоведение. 56052tbk##aСельскохозяйственная мелиорация. 68.312grnti#1aИнишеваgЛ. И.#1aПОРОХИНАgЕкатерина Владимировна4#amivh.editorum.ru